ROLE OF MEDIA IN ENHANCING BRAND IMAGE THROUGH CORPORATE SOCIAL RESPONSIBILITY;CASE OF NATION TELEVISION NETWORK AND SAFARICOM IN NAIROBI (Record no. 216833)

MARC details
000 -LEADER
fixed length control field 00491nam a22001457a 4500
008 - FIXED-LENGTH DATA ELEMENTS--GENERAL INFORMATION
fixed length control field 260311b |||||||| |||| 00| 0 eng d
050 ## - LIBRARY OF CONGRESS CALL NUMBER
Classification number THE HD 69 .N484 2019
Item number 1
100 ## - MAIN ENTRY--PERSONAL NAME
Personal name WAMBUI NJIGUA GRACE
245 ## - TITLE STATEMENT
Title ROLE OF MEDIA IN ENHANCING BRAND IMAGE THROUGH CORPORATE SOCIAL RESPONSIBILITY;CASE OF NATION TELEVISION NETWORK AND SAFARICOM IN NAIROBI
260 ## - PUBLICATION, DISTRIBUTION, ETC.
Place of publication, distribution, etc. KISII
Name of publisher, distributor, etc. KSU
Date of publication, distribution, etc. 2019
300 ## - PHYSICAL DESCRIPTION
Extent XII,65P;ILL
500 ## - GENERAL NOTE
General note INCLUDES REFERENCES
942 ## - ADDED ENTRY ELEMENTS (KOHA)
Source of classification or shelving scheme Library of Congress Classification
Koha item type Reference

No items available.